Globalización: elementos para una interpretación provisional /
Guardado en:
| 主要作者: | |
|---|---|
| 格式: | Texto |
| 主題: | |
| 標簽: |
添加標簽
沒有標簽, 成為第一個標記此記錄!
|
MARC
| LEADER | 00000 a a2200000 04500 | ||
|---|---|---|---|
| 001 | 17197 | ||
| 003 | |||
| 040 | |||
| 100 | |a Román Sánchez, Erick | ||
| 245 | |a Globalización: |b elementos para una interpretación provisional / |c Erick Román Sánchez | ||
| 650 | |a FMI | ||
| 650 | |a POLITICA ECONOMICA | ||
| 650 | |a GLOBALIZACION | ||
| 650 | |a ESTILOS DE DESARROLLO | ||
| 773 | |g volumen 9, número 2; páginas 437-450 | ||
| 999 | |c 38762 |d 38762 | ||
